00358nam a2200121Ia 45000010005000000080041000050820024000461000062000702450038001322600024001709010027001949990015002214292241024s9999 xx 000 0 und d aRD/375/R426d/2014/4 aRepública Dominicana. Ministerio de Educación, MINERD 0aDiseño Curricular Nivel Inicial bSanto Domingoc2013 a26/8/2016 4:18:02 p.m. c8411d8411